|
|
|
|
| LEADER |
01154nam a2200277 a 4500 |
| 001 |
16318561 |
| 008 |
120305s2009 caua b 001 0 eng d |
| 010 |
|
|
|a 2010279348
|
| 020 |
|
|
|a 9781430223696
|
| 020 |
|
|
|a 9781430223702
|
| 020 |
|
|
|a 1430223693
|
| 040 |
|
|
|a BTCTA
|c BTCTA
|d YDXCP
|d CDX
|d GK6
|d OQX
|d FER
|d DLC
|c BD-DhAAL
|
| 082 |
0 |
4 |
|a 005.133
|2 22
|
| 100 |
1 |
|
|a Bucanek, James.
|
| 245 |
1 |
0 |
|a Learn Objective-C for Java developers /
|c James Bucanek.
|
| 260 |
|
|
|a Berkeley, Calif. :
|b Apress ;
|a New York :
|b distributed by springer-Verlag,
|c c2009.
|
| 300 |
|
|
|a xxv, 493 p. :
|b ill. ;
|c 24 cm.
|
| 500 |
|
|
|a Turn Java expertise into Mac OS X and iPhone App Productivity
|
| 504 |
|
|
|a Includes bibliographical references and index.
|
| 541 |
1 |
|
|e 00024519
|
| 650 |
|
0 |
|a Objective-C (Computer program language)
|
| 650 |
|
0 |
|a Java (Computer program language)
|
| 650 |
|
0 |
|a Computer software
|x Development.
|
| 852 |
1 |
|
|a Ayesha Abed Library
|j General shelf
|
| 999 |
|
|
|c 11935
|d 11935
|
| 952 |
|
|
|0 0
|1 0
|4 0
|6 005_133000000000000_BUC
|7 0
|9 19591
|a BRACUL
|b BRACUL
|c GEN
|d 2012-03-05
|e Trim Education
|g 2750.00
|l 4
|m 30
|o 005.133 BUC
|p 3010024519
|r 2018-08-09
|s 2018-06-06
|t 1
|w 2012-03-05
|y BK
|